000
00276nam a22001337a 4500
020
_a
978-8122435184
041
_a
ENG
100
_a
Murly.J V.S
245
_a
Watershed Management
260
_a
Delhi
_b
New Age Inh PUB
_c
1999
300
_a
234
650
_a
IDE
856
_u
IDE
999
_c
464
_d
464